El buen gobierno en España : (Record no. 39769)
[ view plain ]
| 000 -LEADER | |
|---|---|
| campo de control de longitud fija | 01159cam a2200325Mi 4500 |
| 001 - NÚMERO DE CONTROL | |
| campo de control | 54483 |
| 005 - FECHA Y HORA DE LA ÚLTIMA TRANSACCIÓN | |
| campo de control | 20230410105603.0 |
| 008 - DATOS DE LONGITUD FIJA--INFORMACIÓN GENERAL | |
| campo de control de longitud fija | 070215s2006 sp a 000 0 spa d |
| 035 ## - NÚMERO DE CONTROL DEL SISTEMA | |
| Número de control de sistema | (OCoLC)ocm85532479 |
| 040 ## - FUENTE DE CATALOGACIÓN | |
| Centro catalogador/agencia de origen | PL# |
| Lengua de catalogación | spa |
| Centro/agencia transcriptor | PL# |
| 020 ## - NÚMERO INTERNACIONAL ESTÁNDAR DEL LIBRO | |
| Número Internacional Estándar del Libro | 8488533918 |
| 020 ## - NÚMERO INTERNACIONAL ESTÁNDAR DEL LIBRO | |
| Número Internacional Estándar del Libro | 9788488533913 |
| 029 0# - OTRO NÚMERO DE CONTROL DE SISTEMA (OCLC) | |
| Identificador de la biblioteca OCLC | PL# |
| Número de control de sistema | 070000775 |
| 035 ## - NÚMERO DE CONTROL DEL SISTEMA | |
| Número de control de sistema | (OCoLC)85532479 |
| 050 14 - SIGNATURA TOPOGRÁFICA DE LA BIBLIOTECA DEL CONGRESO | |
| Número de clasificación | HD 2741 |
| Número de ítem | C171b 2006 |
| 100 1# - ENTRADA PRINCIPAL--NOMBRE DE PERSONA | |
| Nombre de persona | Calzada Terrados, Blas. |
| 245 13 - MENCIÓN DEL TÍTULO | |
| Título | El buen gobierno en España : |
| Resto del título | un análisis crítico / |
| Mención de responsabilidad, etc. | Blas Calzada Terrados ; con la colaboración de Juan Pablo Calzada Torres. |
| 260 ## - PUBLICACIÓN, DISTRIBUCIÓN, ETC. | |
| Lugar de publicación, distribución, etc. | [Madrid] : |
| Nombre del editor, distribuidor, etc. | Instituto de Estudios Económicos, |
| Fecha de publicación, distribución, etc. | [2006]. |
| 300 ## - DESCRIPCIÓN FÍSICA | |
| Extensión | 459 p. : |
| Otras características físicas | graf. ; |
| Dimensiones | 24 cm. |
| 440 #0 - MENCIÓN DE SERIE/PUNTO DE ACCESO ADICIONAL--TÍTULO | |
| Título | Colección Estudios / Instituto de Estudios Económicos |
| 504 ## - NOTA DE BIBLIOGRAFÍA, ETC. | |
| Nota de bibliografía, etc. | Bibliografia: p. [445-459]. |
| 650 #0 - PUNTO DE ACCESO ADICIONAL DE MATERIA--TÉRMINO DE MATERIA | |
| Término de materia o nombre geográfico como elemento de entrada | Corporate governance |
| 653 ## - TÉRMINO DE INDIZACIÓN--NO CONTROLADO | |
| Término no controlado | Gobierno de la empresa |
| -- | España. |
| 700 1# - ENTRADA AGREGADA--NOMBRE PERSONAL | |
| Nombre de persona | Calzada Torres, Juan Pablo, |
| Término indicativo de función/relación | col. |
| 856 42 - LOCALIZACIÓN Y ACCESO ELECTRÓNICOS | |
| Materiales especificados | Más?... busque en WorldCat (solo desde FUNGLODE) |
| Identificador Uniforme de Recursos | <a href="www.firstsearch.oclc.org/fsip">www.firstsearch.oclc.org/fsip</a> |
| 938 ## - | |
| -- | Puvill Libros |
| -- | PUVL |
| -- | 9788488533913 |
| -- | $62.87 |
| 942 ## - ELEMENTOS DE ENTRADA SECUNDARIOS (KOHA) | |
| Fuente del sistema de clasificación o colocación | Clasificación de Library of Congress |
| Tipo de ítem Koha | |
| 946 ## - PROCESAMIENTO DE INFORMACIÓN LOCAL (OCLC) | |
| a | mfcruz |
| 994 ## - | |
| -- | C0 |
| -- | DRFGD |
| Estatus retirado | Estado de pérdida | Fuente del sistema de clasificación o colocación | Estado de daño | No para préstamo | Colección | Biblioteca de origen | Biblioteca actual | Ubicación en estantería | Fecha de adquisición | Serial enumeration / chronology | Signatura topográfica completa | Código de barras | Visto por última vez | Copia número | Tipo de ítem Koha |
|---|---|---|---|---|---|---|---|---|---|---|---|---|---|---|---|
| Clasificación de Library of Congress | Ciencias Sociales | Biblioteca Juan Bosch | Biblioteca Juan Bosch | Ciencias Sociales (3er. Piso) | 10/04/2023 | 1 | HD 2741 C171b 2006 | 00000056431 | 24/10/2018 | 1 |
